Imperio & imperialismo : una lectura crítica de Michael Hardt y Antonio Negri

El libro reúne una serie de comentarios críticos a Imperio, a los cuales se les agregará la respuesta de Michael Hardt y Antonio Negri. Dado que aquel debía ser entregado en inglés, y habida cuenta de nuestras catastróficas experiencias previas en materia de traducciones, decidimos escribirlo direct...

Descripción completa

Detalles Bibliográficos
Autor principal: Boron, Atilio 1943-
Otros Autores: Hardt, Michael 1960-, Negri, Antonio 1933-
Formato: Libro
Lenguaje:español
Publicado: Buenos Aires : CLACSO, 2002.
Materias:
Acceso en línea:

MARC

LEADER 00000nam a22000007a 4500
003 UAHC
005 20240513144528.0
008 180409s2002 ag |||| |||| 00| 0 spa d
020 |a 9509231754 
035 |a CENTRAL 
040 |a UAHC  |c UAHC  |d UAHC 
082 |2 21  |a 325.32  |b B736 
100 |a Boron, Atilio  |d 1943-  |9 561 
245 |a Imperio & imperialismo :  |b una lectura crítica de Michael Hardt y Antonio Negri  |c Atilio Borón. 
260 |a Buenos Aires :  |b CLACSO,  |c 2002. 
300 |a 159 páginas. 
520 |a El libro reúne una serie de comentarios críticos a Imperio, a los cuales se les agregará la respuesta de Michael Hardt y Antonio Negri. Dado que aquel debía ser entregado en inglés, y habida cuenta de nuestras catastróficas experiencias previas en materia de traducciones, decidimos escribirlo directamente en esa lengua. Fue enviado a Londres y distribuido entre algunos de los coautores del volumen consignado y, por supuesto, a los autores de Imperio. Con ocasión del segundo Foro Social Mundial, celebrado en Porto Alegre a fines de enero del corriente año, entregamos el texto a algunos colegas y amigos con el objeto de recabar comentarios. Al poco tiempo comenzamos a recibir urgentes pedidos de autorización para traducir el texto al idioma español. Preocupados también por los riesgos que entraña cualquier traducción decidimos asumir por nuestra cuenta el esfuerzo. Al traducir la versión original a nuestra lengua materna lo que ocurrió fue que la reescribimos por entero, ampliando comentarios, agregando datos y sugiriendo nuevas reflexiones. El resultado es este libro.  
650 0 |a Imperialismo  |9 734 
651 0 |a América Latina  |x Condiciones económicas  |9 217 
700 |a Hardt, Michael  |d 1960-  |9 19585 
700 |a Negri, Antonio  |d 1933-  |9 693 
942 |2 ddc  |c BK 
952 |0 0  |1 0  |2 ddc  |4 0  |6 325_320000000000000_BOR  |7 0  |8 COMP  |9 99453  |a BC  |b BC  |c General  |d 2024-05-09  |e Donación  |l 0  |o 325.32 BOR  |p 1444067  |r 2026-01-07 00:00:00  |t 1  |w 2024-05-09  |y BK  |B CSPOL 
999 |c 61681  |d 61681